|
|
|
|
| LEADER |
00000cam a2200000 4500 |
| 001 |
vtls011784726 |
| 003 |
SK-MaSNL |
| 005 |
20260301142842.0 |
| 008 |
200507s2018 xo c gr 000 j slo |
| 015 |
|
|
|a SNBA2019/03
|
| 020 |
|
|
|a 9788089973125
|q (brožované)
|
| 035 |
|
|
|a urn:nbn:sk:snk-am00dy19
|
| 035 |
|
|
|a urn:nbn:sk:snk-am3i93p
|
| 035 |
|
|
|a 7861DDD1-8C35-4AA0-8187-D13F71A7F1FA
|
| 040 |
|
|
|a SNK
|b slo
|c SNK
|e rda
|
| 041 |
0 |
|
|a slo
|
| 043 |
|
|
|a e-xo---
|
| 044 |
|
|
|a xo
|c SK
|
| 072 |
|
7 |
|a 82
|x Literatúra. Literárny život
|2 konspekt
|
| 072 |
|
7 |
|a 821.162.4-3
|x Slovenská próza
|2 konspekt
|
| 080 |
|
|
|a 82:7.092
|2 2011
|
| 080 |
|
|
|a 821.162.4-32
|2 2011
|
| 080 |
|
|
|a (082)
|2 2011
|
| 111 |
2 |
|
|a Poviedka
|n (22 :
|d 2018
|c Slovensko)
|4 aut
|9 498972
|
| 245 |
1 |
0 |
|a Poviedka 2018
|b zborník najlepších poviedok 22. ročníka literárnej súťaže
|c texty Agáta Brozová, Martin Greguš, Barbora Hrínová, Karlos Kolbas, Dominika Moravčíková, Miša Petrovičová, Petra Števonková, Jana Turzáková ; predslov Svetlana Žuchová ; ilustrácia Mária Slováková
|
| 250 |
|
|
|a Vydanie prvé
|
| 264 |
|
1 |
|a Levice
|b Koloman Kertész Bagala
|c 2018
|
| 300 |
|
|
|a 178 strán
|b portréty
|c 15 cm
|
| 336 |
|
|
|a text
|b txt
|2 rdacontent
|
| 337 |
|
|
|a bez média
|b n
|2 rdamedia
|
| 338 |
|
|
|a zväzok
|b nc
|2 rdacarrier
|
| 490 |
1 |
|
|a Nová slovenská próza
|
| 500 |
|
|
|a Obsahuje biografické údaje o autoroch
|
| 650 |
0 |
7 |
|a literárne súťaže
|2 SNKPH
|9 4275
|
| 650 |
0 |
7 |
|a Literary competitions
|2 SNKPHeng
|9 302809
|
| 655 |
|
7 |
|a slovenské poviedky
|2 SNKPH
|9 70226
|
| 655 |
|
7 |
|a zborníky
|2 SNKPH
|9 70165
|
| 655 |
|
7 |
|a Slovak stories
|2 SNKPHeng
|9 277112
|
| 655 |
|
7 |
|a Miscellanea
|2 SNKPHeng
|9 265155
|
| 700 |
1 |
|
|a Greguš, Martin,
|d 1990-
|4 aut
|9 498973
|
| 700 |
1 |
|
|a Hrínová, Barbora,
|d 1984-
|4 aut
|9 122057
|
| 700 |
1 |
|
|a Kolbas, Karlos,
|d 1981-
|4 aut
|9 180316
|
| 700 |
1 |
|
|a Moravčíková, Dominika,
|d 1992-
|4 aut
|9 180317
|
| 700 |
1 |
|
|a Petrovičová, Miša,
|d 1993-
|4 aut
|9 498974
|
| 700 |
1 |
|
|a Števonková, Petra,
|d 1986-
|4 aut
|9 498975
|
| 700 |
1 |
|
|a Turzáková, Jana,
|d 1986-
|4 aut
|9 193481
|
| 700 |
1 |
|
|a Žuchová, Svetlana,
|d 1976-
|4 aui
|9 94245
|
| 700 |
1 |
|
|a Slováková, Mária,
|d 1974-
|4 ill
|9 214468
|
| 830 |
|
0 |
|a Nová slovenská próza
|9 419807
|
| 852 |
|
|
|a Štátna vedecká knižnica v Banskej Bystrici
|
| 852 |
|
|
|a Akadémia umení v Banskej Bystrici
|
| 919 |
|
|
|a 978-80-89973-12-5
|
| 958 |
|
|
|a LX
|
| 999 |
|
|
|c 771749
|d 773679
|
| 952 |
|
|
|a SNK
|b SNK
|y PREZ
|7 0
|p 17A1360941
|o snkSE 13665
|i snk2019/6548
|8 0
|0 0
|1 0
|4 0
|d 2019-03-11
|f 1
|l 0
|r 2026-02-24 00:37:40
|w 2026-02-24
|
| 952 |
|
|
|a SNK
|b SNK
|y VYP
|7 0
|p 17A1360942
|o snkSE 13665 D1
|i snk2019/6549
|8 0
|0 0
|1 0
|4 0
|d 2019-03-11
|l 0
|r 2026-02-24 00:37:40
|w 2026-02-24
|